=LDR 00000nam 2200000 4500 =001 001192 =005 20250710011135 =035 ##$$a 0010-0725000137 =007 ta =008 250710################a##########0#ind## =020 ##$$a 978-623-118-747-5 =082 ##$$a 398.209 598 =084 ##$$a 398.209 598 FIT a =100 #$$a Fitrini, Erna =245 1#$$a Anis Tidak Suka /$c Erna Fitrini =250 ##$$a Cetakan Pertama =260 ##$$a Jakarta Timur :$b Kementerian Pendidikan, Kebudayaan, Riset, dan Teknologi,$c 2022 =300 ##$$a 28 hlm : $b ilus. ; $c 29,7 cm =650 #4$$a Cerita Bergambar =600 #4$$a Cerita anak-Indonesia =856 ##$$a TBM AS SUHADA